Lyrics - I'm So Tired - Fugazi - Statistics

General Stats
  • This quiz has been taken 11 times
  • The average score is 69 of 89
Answer Stats
Answer % Correct
I
100%
I
100%
and
90%
be
90%
can
90%
I'm
90%
I'm
90%
me
90%
my
90%
my
90%
my
90%
my
90%
my
90%
My
90%
so
90%
tired
90%
you
90%
You
90%
You
90%
are
80%
Barely
80%
breath
80%
by
80%
can't
80%
death
80%
everything
80%
here
80%
In
80%
I've
80%
I've
80%
I've
80%
jealousy
80%
learned
80%
lost
80%
No
80%
No
80%
No
80%
of
80%
of
80%
Out
80%
out
80%
own
80%
reached
80%
return
80%
see
80%
Spit
80%
spite
80%
Surrounded
80%
too
80%
air
70%
all
70%
all
70%
all
70%
all
70%
all
70%
call
70%
counting
70%
cracks
70%
crazy
70%
down
70%
Dragged
70%
energy
70%
from
70%
had
70%
hid
70%
into
70%
It's
70%
more
70%
more
70%
more
70%
not
70%
one
70%
only
70%
patient
70%
'round
70%
Sheep
70%
Slipped
70%
sticking
70%
Stripped
70%
struggle
70%
that
70%
This
70%
time
70%
tracks
70%
underneath
70%
write
70%
cares
60%
cares
60%
Seperate
60%
No matching quizzes found
Score Distribution
Percent of People with Each Score
Percentile by Number Answered
Your Score History
You have not taken this quiz